| 000 | 00448nam a22001457a 4500 | ||
|---|---|---|---|
| 008 | 230529b |||||||| |||| 00| 0 eng d | ||
| 040 |
_aNational Science Library _cNational Science Library |
||
| 080 |
_a6.009.01(540) _bK9 |
||
| 245 | _aTransfer of technology to India | ||
| 260 |
_aNew Delhi: _bNational Council of Applied Economic Research, _c1969 |
||
| 300 | _a95p. | ||
| 500 | _aVol. II Appendices | ||
| 650 | _aTechnology | ||
| 942 |
_2udc _cREF |
||
| 999 |
_c35912 _d35912 |
||